Регионална библиотека "Любен Каравелов" - Русе

Речник на общата ни култура (Запис номер 99759)

MARC детайли
000 -Лидер
Контролно поле с фиксирана дължина 01847nam a2200385 c 4500
003 - Код на организацията, давaща контролен номер
Контролно поле BLK
005 - Дата и час на последна редакция
Контролно поле 20220421163351.0
008 - Елементи от данни с фиксирана дължина
fixed length control field 180409b bul|||||r ||||||| ||bul||
010 ## - Наследен системен номер
LC control number KNG00104773000
020 ## - Международен стандартен номер на книга ISBN
Международен стандартен номер на книга ISBN 954-779-030-7
-- издат.: Архимед
040 ## - Източник на каталожния запис
Идентификатор на билиотеката - собственик на записа BLK
041 ## - Код за език
Код за езика на текст/звукозапис или на отделно заглавие Български
Код за езика КДБФ Български
080 ## - УДК
Текстов определител УДК Цивилизация. Култура. Прогрес. История на културата вж 930.85
УДК код - определител по УДК 008
УДК определител (4)(091)(035)
УДК - код + определител 008(4)(091)(035)
080 ## - УДК
Текстов определител УДК История на цивилизацията. История на културата
УДК код - определител по УДК 930.85
УДК определител
УДК - код + определител 930.85
100 1# - Редна дума - Автор
Автор Шваниц, Дитрих
Авторска отговорност първи автор
R(LIN) 142946
139 ## - Редно поле
Редна дума Шваниц, Дитрих
Авторски знак Шве - Ш 44
245 10 - Сведения за заглавието
Заглавие Речник на общата ни култура
Редно поле (дума) Дитрих Шваниц; прев. Недялка Стоянова Попова; прев. Елисавета Тодорова Кузманова.
257 ## - Страна на издаване
Страна на създаване/издаване Германия
260 ## - Област на издателските данни
-- София
Име на издателя, разпространителя и проч. Архимед
Година на издаване 2002
300 ## - Физическа характеристика
Страници 428 с.
Размери/Мащаб 23 см
380 ## - Жанр
Жанр Общ отдел
500 ## - Общи забележки
Забележка Ориг. загл. Bildung / Dietrich Schwanitz. - Съдържа и Хронологична таблица ; Книги, които промениха света ; Хронология на културната история. - Именен показалец.
590 ## - Забележки на библиотеката, притежаваща документа (RLIN)
Служебно ф
650 #4 - Допълнително описание по предмет – тема
Основно описание – тема или топоним Култура - история - справочници
9 (RLIN) 254688
650 #4 - Допълнително описание по предмет – тема
Основно описание – тема или топоним Цивилизация - история
9 (RLIN) 250724
653 ## - Ключова дума – ненормативна
Ключова дума култура
653 ## - Ключова дума – ненормативна
Ключова дума цивилизации
700 1# - Други автори (авторска отговорност)
Лично име Попова, Недялка Стоянова
Автороска отговорност (Описва отношението между автора и произведението) прев.
9 (RLIN) 364488
700 1# - Други автори (авторска отговорност)
Лично име Кузманова, Елисавета Тодорова
Автороска отговорност (Описва отношението между автора и произведението) прев.
9 (RLIN) 367022
852 ## - Местоположение
Форматна сигнатура Цб 213653
856 4# - Електронен адрес и достъп
Електронен формат pdf - файл
Път до файла /url/
856 4# - Електронен адрес и достъп
Електронен формат pdf - файл
Път до файла /url/
942 ## - АРТИКУЛИ
Вид на библиотечния материал Книги
Скрит в OPAC Не
Koha issues (borrowed), all copies 5
944 ## - СЪЗДАВАНЕ И РЕДАКЦИЯ на ЗАПИСА
Създаване/Редакция Създаване
Дата на регистрацията/редакция 01.01.2002
Служител, извършил регистрацията/редакцията Людмила_Стоянова
944 ## - СЪЗДАВАНЕ И РЕДАКЦИЯ на ЗАПИСА
Създаване/Редакция Редакция
Дата на регистрацията/редакция 10.10.2008
Служител, извършил регистрацията/редакцията
999 ## - СИСТЕМНИ КОНТРОЛНИ НОМЕРА
Koha biblionumber 99759
Koha biblioitemnumber 99759
Наличности
Код за отписване Код за изгубен артикул Код за повреда Коз за рестрикции Код за отдаване Артикулен № Име на библиотеката - собственик Име на библиотеката, в която се намира в момента Статус (Текущо местоположение) Дата на вписване в системата Местоположение - отдел Цена в лева Инвентарен номер Систематично азбучна сигнатура Баркод Номер на екземпляра Цена в евро Служебна бележка Служебен тип на артикула Източник на класификационната схема
  Не е изгубен Не е повреден без рестрикции ползва се в читалня 160702 Регионална библиотека "Любен Каравелов" Русе Регионална библиотека "Любен Каравелов" Русе Читалня 2003-01-16 Читалня 11.90 120000674181 Ч 008/Ш 44 120000674181 1 6.08 Дост: Pk Вид: Ф N: 8606 Дата: 15.01.2003 Дата инв: 21.03.2017 Бележки инв: Ч2017 Книги  
Изтеглен Не е изгубен Не е повреден без рестрикции заемане за дома 160703 Регионална библиотека "Любен Каравелов" Русе Регионална библиотека "Любен Каравелов" Русе Заемна - подръчен фонд 2004-09-15 Заемна - подръчен фонд 11.90 120000688442 П 008/Ш 44 120000688442 2 6.08 Дост: Pk Вид: Ф N: 8883 Дата: 03.09.2004 Дата инв: 01.02.2018 Бележки инв: П2018 Книги  
  Не е изгубен Не е повреден без рестрикции заемане за дома 160704 Регионална библиотека "Любен Каравелов" Русе Регионална библиотека "Любен Каравелов" Русе Заемна - подръчен фонд 2008-09-25 Заемна - подръчен фонд 14.30 120000729325 008/Ш 44 120000729325 3 7.31 Дост: Pk Вид: Ф N: 8930 Дата: 24.09.2008 Дата инв: 21.08.2015 Бележки инв: Д2015 Книги Universal Decimal Classification
  Не е изгубен Не е повреден само за читалня ползва се в читалня 899744 Регионална библиотека "Любен Каравелов" Русе Регионална библиотека "Любен Каравелов" Русе Хранилище 2022-08-11 Основен фонд - ползва се само за читалня 11.90   Цб 312872 120000873884   6.08   Книги Universal Decimal Classification
Vip Innovations Ltd, Rousse, Bulgaria 2025